The Holy Bible : containing the Old and New Testaments: together with the Apocrypha: /

Bibliographic Details
Uniform Title:Bible.
Other Authors: Norman, John, 1748?-1817 (Engraver), Seymour, Joseph H. (Engraver), Hill, Samuel, approximately 1766-1804 (Engraver), Doolittle, Amos, 1754-1832 (Engraver)
Format: eBook
Language:English
Published: United States of America. Printed at the press in Worcester, Massachusetts : By Isaiah Thomas. sold by him in Worcester; and by him and Company, at Faust's Statue, no. 45, Newbury Street, Boston, MDCCXCI. [1791]
Series:Early American imprints. Evans (1639-1800) ; no. 23185.
Online Access:Evans Digital Edition

MARC

Tag First Indicator Second Indicator Subfields
LEADER 00000cam a2200000 a 4500
001 in00002138658
006 m e d #
007 cr mn mmmmabba
008 820623s1791 mauf s 000 0 eng d
005 20260330191433.6
035 |z w004496 
035 |a MAAR8206253305B 
035 |9 mwa91-64460 
035 |a 333040 
035 |a aas03004496 
040 |a MWA  |c MWA  |e bdrb  |d UtOrBLW 
130 0 |a Bible.  |l English.  |s Authorized.  |f 1791. 
245 1 4 |a The Holy Bible :  |b containing the Old and New Testaments: together with the Apocrypha: /  |c translated out of the original tongues, with the former translations diligently compared and revised, by the special command of King James I, of England. ; With marginal notes and references. ; To which are added, an index, and an alphabetical table of all the names in the Old and New Testaments, with their significations. 
264 1 |a United States of America. Printed at the press in Worcester, Massachusetts :  |b By Isaiah Thomas. sold by him in Worcester; and by him and Company, at Faust's Statue, no. 45, Newbury Street, Boston,  |c MDCCXCI. [1791] 
300 |a 1310 pages, 2 unnumbered pages, 89 pages, 3 unnumbered pages, 48 unnumbered leaves of plates :  |b illustrations ;  |c 30 cm. (quarto) 
336 |a text  |b txt  |2 rdacontent 
337 |a computer  |b c  |2 rdamedia 
338 |a online resource  |b cr  |2 rdacarrier 
500 |a The Old (pages 7-1014) and New (pages 1017-1276) Testaments have separate title pages. 
500 |a Some copies bound in two volumes. Issued in three styles: with 2 copperplates; with 2 copperplates and concordance; and with 48 copperplates and concordance "in elegant binding." Cf. Isaiah Thomas's catalogue of English, Scotch, Irish, and American books ... 1801. The present issue has 48 plates and the concordance (89, [3] pages). 
500 |a Fifty plates were prepared for the folio edition published by Thomas in the same year. As the frontispieces (plates I and XXXIII) were too large for the quarto edition, they were omitted. Plates engraved by J. Norman, J.H. Seymour, S. Hill, and A. Doolittle. 
500 |a Printed in two columns. 
500 |a "Family record of marriage, and births of children."--page [1015]. "Family record of deaths."--page [1016]. 
500 |a "A brief concordance to the Holy Scriptures of the Old and New Testaments ... By John Brown ..."--89, [3] pages, with separate title page. 
510 4 |a Evans  |c 23185 
510 4 |a Hills, M.T. Engl. Bible in Amer.,  |c 30 
530 |a Microform version available in the Readex Early American Imprints series. 
533 |a Electronic text and image data.  |b [Chester, Vt. :  |c Readex, a division of Newsbank, Inc.,  |d 2002-2004.  |e Includes files in TIFF, GIF and PDF formats with inclusion of keyword searchable text.  |f (Early American imprints. First series ; no. 23185). 
500 |a Electronic resource. 
700 1 |a Norman, John,  |d 1748?-1817,  |e engraver. 
700 1 6 |a Seymour, Joseph H.,  |e engraver. 
700 1 |a Hill, Samuel,  |d approximately 1766-1804,  |e engraver. 
700 1 6 |a Doolittle, Amos,  |d 1754-1832,  |e engraver. 
752 |a United States  |b Massachusetts  |d Worcester. 
752 |a United States  |b Massachusetts  |d Boston. 
830 0 |a Early American imprints.  |n Series I,  |p Evans (1639-1800) ;  |v no. 23185. 
856 4 1 |u http://proxy.library.tamu.edu/login?url=https://opac.newsbank.com/select/evans/23185  |y Evans Digital Edition  |t 0 
999 |a MARS 
999 f f |s 4d2ac53b-3602-3109-9ce7-9fc7a8510456  |i 0f390ba5-00f5-3809-97dd-a81d13fbcab1  |t 0 
952 f f |a Texas A&M University  |b College Station  |c Electronic Resources  |s www_evans  |d Available Online  |t 0  |h No information provided 
998 f f |t 0  |l Available Online